000 00734nam a2200253 a 4500
008
020 _a0256105251 (pbk.)
049 _aMAIN
090 _aHF5549
100 1 _aRue, Leslie W.
245 1 0 _aSupervision :
_bkey link to productivity /
_cLeslie W. Rue and Lloyd L. Byars.
250 _a4th ed.
260 _aBurr Ridge :
_bIrwin,
_cc1993.
300 _axxv, 576 p. :
_bill. ;
_c23 cm.
504 _aIncludes bibliographical references.
500 _aIncludes index.
650 0 _aSupervision of employees.
700 1 _aByars, Lloyd L.
907 _a.b10018542
_b10-01-06
_c17-04-03
003
005 20230123133559.0
040 _cNUST
942 _cBOOKS
_kHF5549
999 _c151072
_d151072